| 000 | 00623nam a22001457a 4500 | ||
|---|---|---|---|
| 020 | _a978-0-143-42008-8 | ||
| 082 |
_a823 _bTHA/G |
||
| 100 | _aTHAROOR, SHASHI | ||
| 245 | _aTHE GREAT INDIAN NOVEL | ||
| 260 |
_aPENGUIN _bSHASHI THAROOR _c2014 |
||
| 300 | _a616 | ||
| 520 | _aThe Great Indian Novel is a satirical novel by Shashi Tharoor, first published by Viking Press in 1989. It is a fictional work that takes the story of the Mahabharata, the Indian epic, and recasts and resets it in the context of the Indian Independence Movement and the first three decades post-independence. | ||
| 650 | _aSHORT STORY | ||
| 942 | _cBK | ||
| 999 |
_c6778 _d6778 |
||